000 00686nam a2200289Ia 4500
005 20260324143941.0
008 008 260324s9999 xx 000 0 eng d
020 _a9781315681535
037 _aEBOOK
040 _aCRL
040 _beng
040 _cCRL
041 _2eng
041 _aeng
084 _qCRL
100 _aVictor A. Neufeldt
_91203754
245 4 _aThe Poems of Patrick Branwell Brontë
245 2 _bA New Text and Commentary
260 _bTaylor and Francis
260 _c1990
365 _a
365 _b300
856 _uhttp://www.taylorfrancis.com/books/9781315681535
942 _cEBOOK
999 _c1823551
_d1823551